Państwa które miały terytorium na Bałkanach - Statystyki

Ogólne statystyki
  • Ten quiz został rozwiązany 10 razy
  • Średni wynik to 17 z 27
Statystyki odpowiedzi
Lata posiadania Państwo % Poprawnych
1913 - obecnie Albania
100%
1991 - obecnie Chorwacja
100%
3000 p.n.e. - 14601830 - obecnie Grecja
100%
2008 - obecnie Kosowo
100%
1878 - 19152006 - Obecnie Serbia
100%
1992 - obecnie Bośnia i Hercegowina
90%
1878 - 19162006 - obecnie Czarnogóra
90%
1991 - obecnie Macedonia Północna
90%
1879 - obecnie Rumunia
90%
1991 - obecnie Słowenia
90%
1918 - 1943 Włochy
90%
682 - obecnie Bułgaria
80%
1919 - 2003 Jugosławia
80%
1354 - 1920 Imperium Osmańskie
70%
1924 - obecnie Turcja
70%
900 - 1526 Węgry
70%
1454 - 1868 Austria
60%
1868 - 1919 Austro-Węgry
60%
2003 - 2006 Serbia i Czarnogóra
50%
228 p.n.e. - 480 Imperium Rzymskie
40%
395 - 1454 Cesarstwo Bizantyjskie
30%
964 - 1454 Święte Cesarstwo Rzymskie
20%
781 - 1797 Wenecja
20%
567 - 806 Kaganat Awarów
0%
775 - 844 Królestwo Franków
0%
844 - 912 Królestwo Franków Zachodnich
0%
700 p.n.e. - 148 p.n.e. Królestwo Macedonii
0%
Nie znaleziono quizów pasujących do podanych kryteriów
Rozkład punktacji
Procent ludzi z każdym wynikiem
Percentyl według liczby udzielonych odpowiedzi
Twoja historia wyników
Nie rozwiązałeś tego quizu